Descubriendo la matemática II: segundo año de educación media

Enregistré dans:
Détails bibliographiques
Auteurs principaux: Aguayo Aguayo, Paulina (Auteur), Alonso de la Presa, Isabel (Auteur)
Format: Livre
Langue:espagnol
Publié: Santiago Salesiana 1994
Sujets:
Tags: Ajouter un tag
Pas de tags, Soyez le premier à ajouter un tag!

MARC

LEADER 00000nam a2200000 a 4500
001 UCP2553
003 CL-VaPUC
008 990520e19940000CL |||||||||||||||||spa|d
082 0 4 |a 510.0712  |b AGU  |2 21 
100 0 |a Aguayo Aguayo, Paulina  |e author  |9 429352 
700 0 |a Alonso de la Presa, Isabel  |e author  |9 429353 
245 1 0 |a Descubriendo la matemática II: segundo año de educación media  
300 |a 303 p 
942 |c BK 
945 |d 19990520 00:00:00  |a rbrito 
260 |a Santiago  |b Salesiana  |c 1994 
650 0 |a Matemáticas  |x Enseñanza  |9 875527 
650 0 |a Geometría analítica   |9 260062 
650 0 |a Ecuaciones lineales   |9 342219 
650 0 |a Geometría   |9 264063 
583 |a last modification  |c 19990520 00:00:00  |k Rodrigo Vera 
999 |c 281067  |d 281065 
952 |0 0  |1 0  |4 0  |6 510_071200000000000_AGU_1994  |7 0  |8 A  |9 321699  |a BIBMAT  |b BIBMAT  |c E_DIDACT  |d 2019-11-20  |i 3523586  |o 510.0712 AGU 1994  |p 3523586  |r 2025-01-07  |w 2019-11-20  |y BK  |k MAT 
952 |0 0  |1 0  |4 0  |6 510_071200000000000_AGU_1994  |7 0  |8 A  |9 321700  |a BIBMAT  |b BIBMAT  |c E_DIDACT  |d 2019-11-20  |i 3523594  |o 510.0712 AGU 1994  |p 3523594  |r 2025-01-07  |w 2019-11-20  |y BK  |k MAT